El sistema legal del matrimonio en el Código Civil

Salvato in:
Dettagli Bibliografici
Autore principale: Cámara, Manuel de la (Autore)
Natura: Libro
Lingua:spagnolo
Pubblicazione: Madrid Civitas 2002
Edizione:1a. ed
Serie:Monografías
Soggetti:
Tags: Aggiungi Tag
Nessun Tag, puoi essere il primo ad aggiungerne!!

MARC

LEADER 00000nam a2200000 a 4500
001 UCL8027
003 CL-VaPUC
008 040611e20020000SP |||||||||||||||||spa|d
020 |a 8447017834 
082 0 4 |a 346.46016  |b CAM  |2 21 
100 0 |a Cámara, Manuel de la  |e author  |9 485940 
245 1 3 |a El sistema legal del matrimonio en el Código Civil 
250 |a 1a. ed 
300 |a 358 p 
942 |c BK 
945 |d 20040611 00:00:00  |a cmena 
260 |a Madrid  |b Civitas  |c 2002 
650 0 |a Matrimonio civil  |9 385406 
650 0 |a Derecho civil español   |9 390729 
650 0 |a Código civil  |9 256135 
650 7 |a NULIDAD DEL MATRIMONIO  |2 CL-VaPUC  |9 485941 
650 7 |a IMPEDIMENTOS PARA EL MATRIMONIO  |2 CL-VaPUC  |9 485942 
651 0 |a España  |9 254926 
583 |a last modification  |c 20040611 00:00:00  |k Rodrigo Vera 
490 0 |a Monografías 
999 |c 309513  |d 309511 
952 |0 0  |1 0  |4 0  |6 346_460160000000000_CAM_2002  |7 0  |8 A  |9 377013  |a BIBDER  |b BIBDER  |d 2019-11-21  |i 4024583  |o 346.46016 CAM 2002  |p 4024583  |r 2023-01-25  |w 2019-11-21  |y BK  |k DER